LEADER 02997nam 2200637 a 450 001 9910450454203321 005 20210618233616.0 010 $a0-520-93782-1 010 $a9786613303943 010 $a1-283-30394-9 024 7 $a10.1525/9780520937826 035 $a(CKB)1000000000024224 035 $a(EBL)224220 035 $a(OCoLC)475930199 035 $a(SSID)ssj0000118245 035 $a(PQKBManifestationID)11143976 035 $a(PQKBTitleCode)TC0000118245 035 $a(PQKBWorkID)10050013 035 $a(PQKB)10447395 035 $a(MiAaPQ)EBC224220 035 $a(DE-B1597)520336 035 $a(OCoLC)56733755 035 $a(DE-B1597)9780520937826 035 $a(Au-PeEL)EBL224220 035 $a(CaPaEBR)ebr10068585 035 $a(CaONFJC)MIL330394 035 $a(EXLCZ)991000000000024224 100 $a20040315d2004 uy 0 101 0 $aeng 135 $aurnn#---|u||u 181 $ctxt 182 $cc 183 $acr 200 10$aCarnal thoughts$b[electronic resource] $eembodiment and moving image culture /$fVivian Sobchack 210 $aBerkeley $cUniversity of California Press$dc2004 215 $a1 online resource (341 p.) 300 $aDescription based upon print version of record. 311 0 $a0-520-24128-2 311 0 $a0-520-24129-0 320 $aIncludes bibliographical references and index. 327 $tFront matter --$tContents --$tAcknowledgments --$tIntroduction --$tPART I. Sensible Scenes --$tPART II. Responsible Visions --$tIndex 330 $aIn these innovative essays, Vivian Sobchack considers the key role our bodies play in making sense of today's image-saturated culture. Emphasizing our corporeal rather than our intellectual engagements with film and other media, Carnal Thoughts shows how our experience always emerges through our senses and how our bodies are not just visible objects but also sense-making, visual subjects. Sobchack draws on both phenomenological philosophy and a broad range of popular sources to explore bodily experience in contemporary, moving-image culture. She examines how, through the conflation of cinema and surgery, we've all "had our eyes done"; why we are "moved" by the movies; and the different ways in which we inhabit photographic, cinematic, and electronic space. Carnal Thoughts provides a lively and engaging challenge to the mind/body split by demonstrating that the process of "making sense" requires an irreducible collaboration between our thoughts and our senses. 606 $aMotion pictures$xPhilosophy 606 $aMotion pictures$xPsychological aspects 608 $aElectronic books. 615 0$aMotion pictures$xPhilosophy. 615 0$aMotion pictures$xPsychological aspects. 676 $a791.43/01/5 700 $aSobchack$b Vivian Carol$0615889 801 0$bMiAaPQ 801 1$bMiAaPQ 801 2$bMiAaPQ 906 $aBOOK 912 $a9910450454203321 996 $aCarnal thoughts$91082276 997 $aUNINA LEADER 03254nam 2200697 a 450 001 9910465278203321 005 20200520144314.0 010 $a0-19-983240-4 010 $a1-283-03988-5 010 $a9786613039880 010 $a0-19-970550-X 035 $a(CKB)2560000000300512 035 $a(EBL)1678696 035 $a(OCoLC)923708329 035 $a(SSID)ssj0001143737 035 $a(PQKBManifestationID)12429230 035 $a(PQKBTitleCode)TC0001143737 035 $a(PQKBWorkID)11112079 035 $a(PQKB)11174755 035 $a(SSID)ssj0000086111 035 $a(PQKBManifestationID)11111374 035 $a(PQKBTitleCode)TC0000086111 035 $a(PQKBWorkID)10029774 035 $a(PQKB)11221626 035 $a(StDuBDS)EDZ0000074683 035 $a(MiAaPQ)EBC1678696 035 $a(Au-PeEL)EBL1678696 035 $a(CaPaEBR)ebr10454717 035 $a(CaONFJC)MIL303988 035 $a(EXLCZ)992560000000300512 100 $a20080318d2008 uy 0 101 0 $aeng 135 $aur||||||||||| 181 $ctxt 182 $cc 183 $acr 200 10$aCreated equal$b[electronic resource] $ehow the Bible broke with ancient political thought /$fJoshua A. Berman 210 $aOxford ;$aNew York, N.Y. $cOxford University Press$d2008 215 $a1 online resource (264 p.) 300 $aDescription based upon print version of record. 311 $a0-19-537470-3 311 $a0-19-987143-4 320 $aIncludes bibliographical references and indexes. 327 $aCover; Contents; List of Abbreviations; Introduction; 1. Egalitarian Theology: The Commoner's Upgrade from King's Servant to Servant King; 2. Egalitarian Politics: Constitution, Class, and the Book of Deuteronomy; 3. Egalitarianism and Assets: God the Economist; 4. Egalitarian Technology: Alphabet, Text, and Class; 5. Egalitarianism and the Evolution of Narrative: The Rescue of Moses (Exodus 2:1-10) and the Sargon Legend Compared; Conclusion: Egalitarianisms Ancient and Modern; Notes; Select Bibliography; Index of Scriptural References; Subject Index; 330 $aIn Created Equal, Joshua Berman engages the text of the Hebrew Bible from a novel perspective, considering it as a document of social and political thought. He proposes that the Pentateuch can be read as the earliest prescription on record for the establishment of an egalitarian polity. What emerges is the blueprint for a society that would stand in stark contrast to the surrounding cultures of the ancient Near East -- Egypt, Mesopotamia, Ugarit, and the Hittite Empire - in which the hierarchical structure of the polity was centered on the figure of the king and his retinue. Berman shows that 606 $aEquality$xBiblical teaching 606 $aJews$xPolitics and government$yTo 70 A.D 606 $aJews$xSocial conditions 608 $aElectronic books. 615 0$aEquality$xBiblical teaching. 615 0$aJews$xPolitics and government 615 0$aJews$xSocial conditions. 676 $a221.8/32 700 $aBerman$b Joshua$0936515 801 0$bMiAaPQ 801 1$bMiAaPQ 801 2$bMiAaPQ 906 $aBOOK 912 $a9910465278203321 996 $aCreated equal$92109575 997 $aUNINA